000 00376nam a22001217a 4500
008 180424b xxu||||| |||| 00| 0 eng d
041 _aeng
080 _a043.3
100 _a0
101 _aMBE-MTH
245 _aKrijimi i sistemit të vlerave: Integrimi i Politikave dhe praktikave të Koorporatës në krijimin e vlerave Sociale dhe Ekonomike
_cHoxha, H.D
942 _2udc
_cBK
999 _c45448
_d45448